Q : (Record no. 16990)

MARC details
000 -LEADER
fixed length control field 01460cam a22003855a 4500
001 - CONTROL NUMBER
control field 16847102
003 - CONTROL NUMBER IDENTIFIER
control field EG-ScBUE
005 - DATE AND TIME OF LATEST TRANSACTION
control field 20220621103028.0
006 - FIXED-LENGTH DATA ELEMENTS--ADDITIONAL MATERIAL CHARACTERISTICS--GENERAL INFORMATION
fixed length control field m||||fq||h 00| 0
008 - FIXED-LENGTH DATA ELEMENTS--GENERAL INFORMATION
fixed length control field 110628t2011 enka f 000 0 eng d
020 ## - INTERNATIONAL STANDARD BOOK NUMBER
International Standard Book Number 9780194756174 (Teacher's Handbook)
020 ## - INTERNATIONAL STANDARD BOOK NUMBER
International Standard Book Number 9780194756433 (Q online practice Teacher Access code card)
040 ## - CATALOGING SOURCE
Original cataloging agency EG-ScBUE
Language of cataloging eng
Description conventions rda
Transcribing agency EG-ScBUE
Modifying agency EG-ScBUE
082 04 - DEWEY DECIMAL CLASSIFICATION NUMBER
Classification number 428.24
Item number IAN
Edition number 22
100 1# - MAIN ENTRY--PERSONAL NAME
Personal name Iannuzzi, Susan,
Relator term author.
9 (RLIN) 41962
245 10 - TITLE STATEMENT
Title Q :
Remainder of title skills for success.
Number of part/section of a work 3,
Name of part/section of a work Listening and speaking,
-- Teacher's handbook /
Statement of responsibility, etc Susan Iannuzzi.
246 30 - VARYING FORM OF TITLE
Title proper/short title Listening and speaking
246 30 - VARYING FORM OF TITLE
Title proper/short title Teacher's handbook
264 #1 - PUBLICATION, DISTRIBUTION, ETC. (IMPRINT)
Place of publication, distribution, etc New York, NY :
-- Oxford, UK :
Name of publisher, distributor, etc Oxford University Press,
Date of publication, distribution, etc [2011]
264 #4 - PUBLICATION, DISTRIBUTION, ETC. (IMPRINT)
Date of publication, distribution, etc c2011
300 ## - PHYSICAL DESCRIPTION
Extent xix, 110 pages :
Other physical details illustrations (some color) ;
Dimensions 26 cm +
Accompanying material 1 CD
336 ## - CONTENT TYPE
Source rdacontent
Content type term text
Content type code txt
336 ## - CONTENT TYPE
Source rdacontent
Content type term sounds
Content type code snd
337 ## - MEDIA TYPE
Source rdamedia
Media type term unmediated
Media type code n
337 ## - MEDIA TYPE
Source rdamedia
Media type term audio
Media type code s
338 ## - CARRIER TYPE
Source rdacarrier
Carrier type term volume
Carrier type code nc
338 ## - CARRIER TYPE
Source rdacarrier
Carrier type term computer disc
Carrier type code cd
500 ## - GENERAL NOTE
General note Includes Teacher access code for Q online practice and Q Testing program CD-ROM.
650 #7 - SUBJECT ADDED ENTRY--TOPICAL TERM
Topical term or geographic name as entry element English language
Form subdivision Textbooks for foreign speakers.
Source of heading or term BUEsh
9 (RLIN) 31157
651 ## - SUBJECT ADDED ENTRY--GEOGRAPHIC NAME
Source of heading or term BUEsh
653 ## - INDEX TERM--UNCONTROLLED
Resource For college Humanities: English
Arrived date list August2015
-- January2019
655 ## - INDEX TERM--GENRE/FORM
Form subdivision Reading book
9 (RLIN) 34232
856 42 - ELECTRONIC LOCATION AND ACCESS
Materials specified Q online practice
Uniform Resource Identifier <a href="https://q.ouponlinepractice.com/auth/index">https://q.ouponlinepractice.com/auth/index</a>
942 ## - ADDED ENTRY ELEMENTS (KOHA)
Source of classification or shelving scheme Dewey Decimal Classification
Koha item type Book - Teacher Resource
Holdings
Withdrawn status Lost status Source of classification or shelving scheme Damaged status Not for loan Collection code Home library Current library Shelving location Date acquired Source of acquisition Cost, normal purchase price Total Checkouts Total Renewals Full call number Barcode Date last seen Date checked out Cost, replacement price Koha item type Price effective from Serial Enumeration / chronology
    Dewey Decimal Classification     Baccah Central Library Central Library Second Floor 12/09/2012 Purchase 110.00 3 5 428.24 IAN 000027087 11/06/2024 13/07/2016 137.50 Book - Teacher Resource    
    Dewey Decimal Classification     Baccah Central Library Central Library Second Floor 12/09/2012 Purchase 110.00 1   428.24 IAN 000056318 24/08/2022 13/09/2012 137.50 CD | DVD - Teacher resource    
    Dewey Decimal Classification     Baccah Central Library Central Library Second Floor 12/09/2012 Purchase 110.00 1   428.24 IAN 000027089 15/07/2025 13/09/2012 137.50 Book - Teacher Resource    
    Dewey Decimal Classification     Baccah Central Library Central Library Second Floor 12/09/2012 Purchase 110.00 1   428.24 IAN 000056315 24/08/2022 13/09/2012 137.50 CD | DVD - Teacher resource 12/09/2012  
    Dewey Decimal Classification     Baccah Central Library Central Library Second Floor 17/10/2012   110.00 1 3 428.24 IAN 000027679 15/07/2025 16/11/2014 137.50 Book - Teacher Resource 17/10/2012 3
    Dewey Decimal Classification     Baccah Central Library Central Library Second Floor 17/10/2012   110.00 1 5 428.24 IAN 000027680 15/07/2025 09/09/2019 137.50 Book - Teacher Resource 17/10/2012 3
    Dewey Decimal Classification     Baccah Central Library Central Library Second Floor 17/10/2012   110.00     428.24 IAN 000027681 15/07/2025   137.50 Book - Teacher Resource 17/10/2012 3
    Dewey Decimal Classification     Baccah Central Library Central Library Second Floor 17/10/2012   110.00     428.24 IAN 000027682 24/08/2022   137.50 CD | DVD - With Teacher Resource 17/10/2012  
    Dewey Decimal Classification     Baccah Central Library Central Library Second Floor 17/10/2012   110.00     428.24 IAN 000027683 24/08/2022   137.50 CD | DVD - With Teacher Resource 17/10/2012  
    Dewey Decimal Classification     Baccah Central Library Central Library Second Floor 17/10/2012   110.00     428.24 IAN 000027684 24/08/2022   137.50 CD | DVD - With Teacher Resource